00309nam a2200121 4500020001800000082001700018100001600035245006100051260003600112300001000148650000900158650002000167 a9789348132697 aM 030bSUV/K aSuvitha M V aKTET:bmanasasthravum bodhanasasthravum/cby Suvitha M V aKozhikkode:bAtma books,c2024. a360p. aKTET aGeneral studies